000 01329nam a2200289 i 4500
001 bg
111 2 _aOgólnopolska Konferencja Inżynierii Chemicznej i Procesowej
_n(19 ;
_d2007 ;
_cRzeszów).
245 1 0 _aXIX Ogólnopolska Konferencja Inżynierii Chemicznej i Procesowej :
_bmateriały konferencyjne.
_nT. 1,
_pInżynieria chemiczna - procesy i aparaty /
_cpod red. nauk. Romana Petrusa, Jacka Jeżowskiego, Krzysztofa Kaczmarskiego ; [Polska Akademia Nauk. Komitet Inżynierii Chemicznej i Procesowej, Katedra Inżynierii Chemicznej i Procesowej Politechniki Rzeszowskiej im. Ignacego Łuaksiewicza].
260 _aRzeszów :
_bOficyna Wydawnicza Politechniki Rzeszowskiej ;
_c2007.
300 _a535, [1] s. :
_bil. ;
_c24 cm.
504 _aBibliogr. przy ref. Indeks
546 _aTekst częśc. ang. Streszcz. ang. przy ref.
650 9 _aTechnologia chemiczna
655 _aMateriały konferencyjne
700 1 _aPetrus, Roman.
_eRed.
700 1 _aJeżowski, Jacek.
_eRed.
700 1 _aKaczmarski, Krzysztof.
_eRed.
020 _a9788371994517
040 _cBPK
041 0 _apol
_aeng
_beng
044 _aPOL
080 _a66.01/.09(06)
920 _a978-83-7199-451-7
942 _cKS
008 s pl f |000 0 pol
999 _c54390
_d54390
856 _uhttp://koha.tu.koszalin.pl/cgi-bin/koha/opac-detail.pl?biblionumber=54390
_yKatalog online BPK